|
|
|
|
| LEADER |
01486nam a2200349 a 4500 |
| 001 |
EBC533665 |
| 003 |
MiAaPQ |
| 005 |
20200520144314.0 |
| 006 |
m o d | |
| 007 |
cr cn||||||||| |
| 008 |
100521s2010 gw adh sb 001 0 ger |
| 020 |
|
|
|z 9783110200560
|
| 020 |
|
|
|a 9783110210606 (electronic bk.)
|
| 035 |
|
|
|a (MiAaPQ)EBC533665
|
| 035 |
|
|
|a (Au-PeEL)EBL533665
|
| 035 |
|
|
|a (CaPaEBR)ebr10385983
|
| 035 |
|
|
|a (CaONFJC)MIL271590
|
| 035 |
|
|
|a (OCoLC)630543172
|
| 040 |
|
|
|a MiAaPQ
|c MiAaPQ
|d MiAaPQ
|
| 050 |
|
4 |
|a D117
|b .S36 2010
|
| 100 |
1 |
|
|a Schneider, Olaf.
|
| 245 |
1 |
0 |
|a Erzbischof Hinkmar und die Folgen
|h [electronic resource] :
|b Der vierhundertjahrige Weg historischer Erinnerungsbilder von Reims nach Trier /
|c von Olaf Schneider.
|
| 260 |
|
|
|a Berlin :
|b De Gruyter,
|c 2010.
|
| 300 |
|
|
|a xi, 469 p. :
|b ill., facsims.
|
| 490 |
1 |
|
|a Millennium-Studien zu Kultur und Geschichte des ersten Jahrtausends n. Chr. = Millennium Studies in the culture and history of the first millennium C.E.,
|x 1862-1139 ;
|v Bd. 22
|
| 504 |
|
|
|a Includes bibliographical references and index.
|
| 533 |
|
|
|a Electronic reproduction. Ann Arbor, MI : ProQuest, 2015. Available via World Wide Web. Access may be limited to ProQuest affiliated libraries.
|
| 650 |
|
0 |
|a History.
|
| 655 |
|
4 |
|a Electronic books.
|
| 710 |
2 |
|
|a ProQuest (Firm)
|
| 830 |
|
0 |
|a Millennium-Studien ;
|v Bd. 22.
|
| 856 |
4 |
0 |
|u https://ebookcentral.proquest.com/lib/matrademy/detail.action?docID=533665
|z Click to View
|